| 000 | 00365 a2200169 4500 | ||
|---|---|---|---|
| 001 | 191301 | ||
| 020 | _a85-01-04996-4 | ||
| 040 | _cMagnum | ||
| 100 | _aAli, Tariq | ||
| 240 | 1 | 0 |
_aSombras da romãzeira _lpor |
| 245 | 1 | 0 | _aSombras da romãzeira |
| 300 | _a279 | ||
| 362 | 0 | _a2002 | |
| 440 | 1 | _aRecord | |
| 697 | _aLITERATURA GERAL ESTRANGEIRA | ||
| 942 | _cBK | ||
| 999 |
_c191301 _d191301 |
||